Nella tribu' degli uomini

Bewaard in:
Bibliografische gegevens
Hoofdauteur: Rodi Robert
Formaat: Boek
Taal:Onbekende taal
Gepubliceerd in: Forl Zoe 1998
Tags: Voeg label toe
Geen labels, Wees de eerste die dit record labelt!

MARC

LEADER 00000nam a2200000Ia 4500
001 78
003 NUMERAZIONE-ORIGINALE-BRESCIA
005 20260206230747.0
008 260206s9999 xx 000 0 und d
100 |a Rodi Robert 
245 0 |a Nella tribu' degli uomini 
260 |a Forl  
260 |b Zoe 
260 |c 1998 
500 |a Fag Hag 
942 |2 ddc  |c BK  |n 0 
952 |0 0  |1 0  |2 ddc  |4 0  |6 11  |7 0  |9 28264  |a BS  |b BS  |d 2026-02-06  |i 78  |l 0  |o 1-1-*  |r 2026-02-06 22:40:31  |w 2026-02-06  |x [REVISIONARE]  |y BK 
999 |c 23960  |d 23960